| 000 | 00949cam a2200241 i 4500 | ||
|---|---|---|---|
| 005 | 20251210111230.0 | ||
| 008 | 250721r2012 jo gr 000 0 ara d | ||
| 020 | _a9789957231453 | ||
| 082 | 1 | 4 |
_a216.25 _bس ب ت |
| 100 | 1 |
_aالسبتي، لأبي عبدالله محمد بن علي بن معلى القيسي _eمؤلف. |
|
| 245 | 1 | 0 |
_aغنية الناسك في علم المناسك / _cتاليف ابي عبدالله محمد بن علي بن معلي القيسي السبتي. |
| 250 | _aالطبعة الاولى. | ||
| 264 | 3 | 1 |
_aعمان : _bدار الفتح للدراسات و النشر، _c2012. |
| 300 | _a392 صفحة. | ||
| 650 | 1 | 7 | _aالحج. |
| 650 | 1 | 7 | _aالإحرام. |
| 650 | 1 | 7 | _aالطواف. |
| 650 | 1 | 7 | _aالفقه الإسلامي. |
| 653 | _aمناسك الحج | ||
| 700 | 1 |
_aأبو الأجفان، محمد بن الهادي _eمحقق. |
|
| 942 |
_2ddc _cBK |
||
| 999 |
_c128227 _d128227 |
||